[Event "RSA-chT Regions"]
[Site "Boksburg"]
[Date "2020.01.10"]
[Round "3.4"]
[White "Van Heerden, Claude"]
[Black "Du Plessis, Jan"]
[Result "0-1"]
[WhiteElo "1666"]
[BlackElo "1652"]
[PlyCount "108"]
[EventDate "2020.01.09"]
[EventType "team-swiss"]
[EventRounds "7"]
[EventCountry "RSA"]
[SourceTitle "CBM 194 Extra"]
[Source "ChessBase"]
[SourceDate "2020.03.31"]
[SourceVersion "1"]
[SourceVersionDate "2020.03.31"]
[SourceQuality "1"]
[WhiteTeam "ENM"]
[BlackTeam "Ekurhuleni Patzer Smashers"]
[WhiteTeamCountry "RSA"]
[BlackTeamCountry "RSA"]

1. e4 c5 2. d4 cxd4 3. c3 dxc3 4. Nxc3 Nc6 5. Nf3 d6 6. Bc4 a6 7. 0-0 Nf6 8. h3 e6 9. Qe2 Be7 10. Rd1 Qc7 11. Bf4 0-0 12. e5 Ne8 13. Bd3 dxe5 14. Nxe5 Nxe5 15. Bxe5 Bd6 16. Bxd6 Nxd6 17. Rac1 Qb8 18. Bb1 g6 19. Qd2 Ne8 20. Qh6 b5 21. Rd8 Qb6 22. Rcd1 Bb7 23. R8d4 Nf6 24. Rh4 Rfd8 25. Re1 Rd4 26. Rf4 Rxf4 27. Qxf4 Nd5 28. Nxd5 Bxd5 29. Rc1 Qb8 30. Qf6 Qd8 31. Qc3 Qd6 32. h4 Bb7 33. Qc7 Qxc7 34. Rxc7 Bd5 35. b3 b4 36. f3 Rb8 37. Bd3 a5 38. Ra7 Ra8 39. Rxa8+ Bxa8 40. Kf2 Kg7 41. g4 Kf6 42. Ke3 e5 43. g5+ Ke6 44. Bc2 Bd5 45. Bb1 f5 46. gxf6 Kxf6 47. Bc2 h6 48. Bb1 g5 49. hxg5+ Kxg5 50. Bd3 Be6 51. Bc2 Bf5 52. Be4 Bxe4 53. fxe4 h5 54. Kf3 h4 0-1

[Event "Africa-ch U18"]
[Site "Windhoek"]
[Date "2019.12.19"]
[Round "5.5"]
[White "Elier, Ali"]
[Black "Du Plessis, Jan"]
[Result "1-0"]
[WhiteElo "2032"]
[BlackElo "1676"]
[PlyCount "49"]
[EventDate "2019.12.16"]
[EventType "swiss"]
[EventRounds "9"]
[EventCountry "NAM"]
[SourceTitle "EXT 2024"]
[Source "ChessBase"]
[SourceDate "2023.10.10"]
[SourceVersion "1"]
[SourceVersionDate "2023.10.10"]
[SourceQuality "1"]

1. e4 c5 2. d4 cxd4 3. c3 dxc3 4. Nxc3 Nc6 5. Nf3 d6 6. Bc4 a6 7. 0-0 Nf6 8. Qe2 Bg4 9. Rd1 e6 10. Bf4 Qb8 11. Qd3 Nb4 12. Qd2 Bxf3 13. gxf3 e5 14. Be3 b5 15. Bb3 Be7 16. Rac1 Qb7 17. a3 Nc6 18. Nd5 Rc8 19. Nxf6+ gxf6 20. Qd5 Rg8+ 21. Kf1 Bf8 22. Rc2 Qd7 23. Rdc1 Ne7 24. Rxc8+ Nxc8 25. Rxc8+ 1-0

[Event "Commonwealth-ch"]
[Site "New Delhi"]
[Date "2019.06.30"]
[Round "2"]
[White "Rathnakaran, Kantholi"]
[Black "Du Plessis, Jan"]
[Result "1-0"]
[WhiteElo "2338"]
[BlackElo "1631"]
[PlyCount "49"]
[EventDate "2019.06.30"]
[EventType "swiss"]
[EventRounds "9"]
[EventCountry "IND"]
[SourceTitle "CBM 191 Extra"]
[Source "ChessBase"]
[SourceDate "2019.09.30"]
[SourceVersion "1"]
[SourceVersionDate "2019.09.30"]
[SourceQuality "1"]

1. e4 d5 2. exd5 Qxd5 3. Nc3 Qd6 4. Nf3 Nf6 5. Be2 c6 6. d4 Bf5 7. Bg5 Nbd7 8. Qd2 Qc7 9. Bf4 Qd8 10. d5 Ne4 11. Nxe4 Bxe4 12. dxc6 Bxc6 13. 0-0 e6 14. Rad1 Be7 15. Nd4 Be4 16. Qe3 Bg6 17. Bb5 a6 18. Nxe6 fxe6 19. Bxd7+ Qxd7 20. Rxd7 Kxd7 21. Rd1+ Ke8 22. Qxe6 Rf8 23. Re1 Rf7 24. Bg5 Rd8 25. Bxe7 1-0

[Event "Africa-ch U1700 op"]
[Site "Windhoek"]
[Date "2019.01.03"]
[Round "6.8"]
[White "Du Plessis, Jan"]
[Black "Gurirab, Kevin N"]
[Result "1-0"]
[WhiteElo "1377"]
[BlackElo "1395"]
[PlyCount "121"]
[EventDate "2018.12.31"]
[EventType "swiss"]
[EventRounds "9"]
[EventCountry "NAM"]
[SourceTitle "EXT 2024"]
[Source "ChessBase"]
[SourceDate "2023.10.10"]
[SourceVersion "1"]
[SourceVersionDate "2023.10.10"]
[SourceQuality "1"]

1. e4 e5 2. Nf3 Nc6 3. Bc4 Nf6 4. Ng5 d5 5. exd5 b5 6. Bxb5 Qxd5 7. Bxc6+ Qxc6 8. 0-0 Bb7 9. f3 Bc5+ 10. Kh1 h6 11. Nh3 g5 12. Qe2 0-0-0 13. Nc3 Rhg8 14. Nf2 g4 15. Nxg4 Nxg4 16. fxg4 h5 17. d3 Rxg4 18. Ne4 f5 19. h3 fxe4 20. hxg4 exd3 21. cxd3 Rxd3 22. Kh2 hxg4 23. Qxg4+ Qd7 24. Qg8+ Qd8 25. Qxd8+ Rxd8 26. g4 Rg8 27. Kg3 Bc6 28. Bd2 Bd7 29. g5 Be7 30. Rfe1 Bxg5 31. Bxg5 Rxg5+ 32. Kf2 Bc6 33. Rg1 Rf5+ 34. Ke3 Rf3+ 35. Kd2 Rf2+ 36. Kc3 e4 37. Rae1 Rf3+ 38. Kd2 Rd3+ 39. Kc2 Rf3 40. Rg5 e3 41. Re5 Rf2+ 42. Kb1 e2 43. R5xe2 Rxe2 44. Rxe2 a6 45. Kc2 Bb5 46. Rh2 Kb7 47. Kc3 Kb6 48. b3 c6 49. Rf2 a5 50. Rf6 a4 51. b4 Ba6 52. Rf5 Bb5 53. Rc5 Ba6 54. Kd4 Bb5 55. a3 Ba6 56. Ke5 Kc7 57. Ra5 Kb7 58. Rxa4 Bb5 59. Ra5 Kb6 60. Kd6 c5 61. Rxb5+ 1-0

[Event "Africa-ch U1700 op"]
[Site "Windhoek"]
[Date "2019.01.03"]
[Round "5.5"]
[White "Stanley, Jaston Banda"]
[Black "Du Plessis, Jan"]
[Result "1-0"]
[WhiteElo "1689"]
[BlackElo "1377"]
[PlyCount "58"]
[EventDate "2018.12.31"]
[EventType "swiss"]
[EventRounds "9"]
[EventCountry "NAM"]
[SourceTitle "EXT 2024"]
[Source "ChessBase"]
[SourceDate "2023.10.10"]
[SourceVersion "1"]
[SourceVersionDate "2023.10.10"]
[SourceQuality "1"]

1. e4 d5 2. exd5 Qxd5 3. Nc3 Qd6 4. d4 c6 5. Nf3 Nf6 6. Bd3 Bg4 7. Be3 e6 8. h3 Bh5 9. a3 Nbd7 10. 0-0 Qc7 11. b4 a6 12. Re1 Be7 13. Bg5 0-0 14. Qe2 Rfe8 15. Bh4 Nd5 16. Nxd5 cxd5 17. g4 Bg6 18. Bxe7 Bxd3 19. Qxd3 Rxe7 20. Ng5 Nf8 21. Nf3 Rc8 22. Rac1 Qc3 23. Ne5 Ng6 24. Nxg6 hxg6 25. Re3 Qxd3 26. Rxd3 Rec7 27. c3 g5 28. Kg2 Rc4 29. Rg3 b5 1-0

[Event "RSA Inter Regional-ch"]
[Site "Boksburg"]
[Date "2018.01.10"]
[Round "3.4"]
[White "Smuts, Heinrich"]
[Black "Du Plessis, Jan"]
[Result "1-0"]
[WhiteElo "1236"]
[BlackElo "1491"]
[PlyCount "127"]
[EventDate "2018.01.09"]
[EventType "team-swiss"]
[EventRounds "7"]
[EventCountry "RSA"]
[SourceTitle "CBM 189 Extra"]
[Source "ChessBase"]
[SourceDate "2019.06.03"]
[SourceVersion "1"]
[SourceVersionDate "2019.06.03"]
[SourceQuality "1"]
[WhiteTeam "Tshwane Chess"]
[BlackTeam "Ekurhuleni III"]
[WhiteTeamCountry "RSA"]
[BlackTeamCountry "RSA"]

1. e4 c6 2. d4 d5 3. exd5 cxd5 4. Bd3 Nc6 5. c3 Nf6 6. Ne2 e6 7. Ng3 Bd6 8. 0-0 Bd7 9. Nd2 0-0 10. Nf3 Qb8 11. Re1 b5 12. Bg5 Ne8 13. Qc2 h6 14. Bd2 Nf6 15. Qc1 Rc8 16. Bxh6 Bxg3 17. fxg3 gxh6 18. Qxh6 Qd6 19. Qxf6 Qf8 20. Ng5 Qg7 21. Qxg7+ Kxg7 22. Rf1 f6 23. Nf3 b4 24. Nd2 Rc7 25. Nb3 bxc3 26. bxc3 Nd8 27. Nc5 Nb7 28. Nxd7 Rxd7 29. Rfe1 Kf7 30. Re2 Rc8 31. Rc2 Nd6 32. Kf2 Rdc7 33. Rac1 e5 34. dxe5 fxe5 35. g4 e4 36. Ba6 Rb8 37. Ke3 Rb6 38. Be2 Ke6 39. c4 dxc4 40. Bxc4+ Ke5 41. Bb3 Rcb7 42. Rc5+ Kf6 43. Rc6 Rxb3+ 44. axb3 Rxb3+ 45. R1c3 Rb6 46. Rxb6 axb6 47. Rc6 Ke5 48. h4 b5 49. Rxd6 Kxd6 50. Kxe4 Kc5 51. Kd3 Kd5 52. Kc3 Ke6 53. Kb4 Ke5 54. g3 Kf6 55. Kxb5 Kg6 56. Kc5 Kf6 57. Kd6 Kf7 58. Ke5 Kg6 59. g5 Kg7 60. h5 Kh7 61. Kf6 Kg8 62. g6 Kf8 63. g7+ Kg8 64. h6 1-0

[Event "RSA-ch U14"]
[Site "Bloemfontein"]
[Date "2016.03.20"]
[Round "1"]
[White "Du Plessis, Jan"]
[Black "Modi, Yashil"]
[Result "0-1"]
[WhiteElo "1279"]
[BlackElo "1645"]
[PlyCount "75"]
[EventDate "2016.03.20"]
[EventType "swiss"]
[EventRounds "11"]
[EventCountry "RSA"]
[SourceTitle "CBM 171 Extra"]
[Source "ChessBase"]
[SourceDate "2016.04.26"]
[SourceVersion "1"]
[SourceVersionDate "2016.04.26"]
[SourceQuality "1"]

1. c4 c6 2. d4 d5 3. cxd5 cxd5 4. Nc3 Nf6 5. g3 Bf5 6. Bg2 e6 7. Nf3 Be7 8. Bf4 Nc6 9. 0-0 0-0 10. Rc1 h6 11. a3 Nh5 12. Bd2 Nf6 13. b4 Ne4 14. Bf4 Rc8 15. Nxe4 Bxe4 16. Ne5 Bxg2 17. Nxc6 Rxc6 18. Kxg2 Qb6 19. Qd3 Rfc8 20. Rxc6 Rxc6 21. Rc1 Rxc1 22. Bxc1 Qc6 23. Bb2 b5 24. f3 Qc4 25. Qxc4 bxc4 26. b5 Kf8 27. a4 Bb4 28. Kf2 Ke8 29. e4 Kd7 30. Ke2 Kc7 31. Kd1 Kb6 32. Kc2 Ka5 33. Bc3 Kxa4 34. Bxb4 Kxb4 35. exd5 exd5 36. h4 c3 37. g4 Kc4 38. h5 0-1